000 00708nam a2200181Ia 4500
003 GCL
008 140319s9999 xx 000 0 ara d
040 _aGCL /
_cGCL
082 0 4 _a234.8
_bم ك
100 1 _aمسلم, ابى الحسين بن الحجاج
245 1 0 _aالكنى و الاسماء /
_cمسلم, ابى الحسين بن الحجاج
250 _aالاولى
260 _aالرياض :
_bالمجلس العلمى احياء التراث الاسلامى
300 _a661 ص ؛
_c25 سم
650 0 4 _aالاسماء والكنى والالقاب فى القران
650 0 4 _aالاسماء و الكنى و الالقاب و الانساب فى الحديث
942 _2ddc
_cBK
999 _c6994
_d6994